书目信息 |
| 题名: |
教育实话
|
|
| 作者: | 陈桂生 著 | |
| 分册: | ||
| 出版信息: | 上海 华东师范大学出版社 2003 |
|
| 页数: | 330页 | |
| 开本: | 21cm | |
| 丛书名: | 教育随笔丛书 | |
| 单 册: | ||
| 中图分类: | G630-53 | |
| 科图分类: | ||
| 主题词: | 教育理论--中小学--文集 , 教育理论 | |
| 电子资源: | ||
| ISBN: | 7-5617-3491-3 | |
| 000 | 00879oam2 2200265 450 | |
| 001 | 002570485 | |
| 005 | 20061114151600.35 | |
| 010 | @a7-5617-3491-3@dCNY19.80 | |
| 100 | @a20040204d2003 em y0chiy0110 ea | |
| 101 | 0 | @achi |
| 102 | @aCN@b310000 | |
| 105 | @ay z 000yy | |
| 200 | 1 | @a教育实话@9jiao yu shi hua@f陈桂生著 |
| 210 | @a上海@c华东师范大学出版社@d2003 | |
| 215 | @a330页@d21cm | |
| 225 | 2 | @a教育随笔丛书 |
| 304 | @a版权页题:陈桂生编著 | |
| 330 | @a本书为关于中小学教育的随感录,作者从当代教育理论的视野拓展开去,审视我国教育中存在的实际问题,特别是针对当前出现的教育炒作现象和教育舆论中的虚文、套话,加以辨析,实话实说。 | |
| 461 | 0 | @12001 @a教育随笔丛书 |
| 606 | 0 | @a教育理论@x中小学@j文集 |
| 606 | 0 | @a教育理论 |
| 690 | @aG630-53@v4 | |
| 701 | 0 | @a陈桂生@9chen gui sheng@f(1933~)@4著 |
| 801 | 0 | @aCN@bNLC@c20061114 |
| 905 | @a10447@dG630-53@e134 | |
| 教育实话/陈桂生著.-上海:华东师范大学出版社,2003 |
| 330页;21cm.-(教育随笔丛书) |
| ISBN 7-5617-3491-3:CNY19.80 |
| 本书为关于中小学教育的随感录,作者从当代教育理论的视野拓展开去,审视我国教育中存在的实际问题,特别是针对当前出现的教育炒作现象和教育舆论中的虚文、套话,加以辨析,实话实说。 |
| ● |
| 相关链接 |
|
|
|
|
正题名:教育实话
索取号:G630-53/134
 
预约/预借
| 序号 | 登录号 | 条形码 | 馆藏地/架位号 | 状态 | 备注 |
| 1 | 0382826 | 203828260 | 第一样本阅览室/ [索取号:G630-53/134] | 在馆 | |
| 2 | 0382827 | 203828279 | 第四借阅区/ [索取号:G630-53/134] | 在馆 | |
| 3 | 0382828 | 203828288 | 第四借阅区/ [索取号:G630-53/134] | 在馆 | |
| 4 | 0382829 | 203828297 | 第四借阅区/ [索取号:G630-53/134] | 在馆 | |
| 5 | 0382830 | 203828304 | 第四借阅区/ [索取号:G630-53/134] | 在馆 |